000
00306nam a2200121Ia 4500
008
240624s9999 xx 000 0 und d
041
_a
eng
082
_a
299.936 HUB
100
_a
HUBBARD L RON
245
_a
PROBLEMS OF WORK
260
_c
2007
_a
Denmark
_b
New Era Publication
300
_a
197 : p. : cm. ; 24
999
_c
12425
_d
12425